[Event "POL Youth-ch U20 Girls 2020"]
[Site "Pokrzywna"]
[Date "2020.12.02"]
[Round "5.4"]
[White "Kroliczek, Gabriela"]
[Black "Wikar, Martyna"]
[Result "1-0"]
[WhiteElo "1911"]
[BlackElo "2171"]
[Annotator "NA"]
[PlyCount "49"]
[EventDate "2020.11.29"]
[EventType "swiss"]
[EventCountry "POL"]
[SourceTitle "playchess.com"]
[Source "ChessBase"]
[SourceQuality "1"]
[TimeControl "40/5400+30:1800+30"]

1. e4 {[%emt 0:00:00]} c5 {[%emt 0:00:00]} 2. Nc3 {[%emt 0:00:00]} Nc6 {[%emt 0:00:05]} 3. Bb5 {[%emt 0:00:00]} g6 {[%emt 0:01:53]} 4. Bxc6 {[%emt 0:00:00]} dxc6 {[%emt 0:00:04]} 5. d3 {[%emt 0:00:00]} Bg7 {[%emt 0:00:43]} 6. Be3 {[%emt 0:00:00]} Qd6 {[%emt 0:01:09]} 7. f4 {[%emt 0:00:50]} e5 {[%emt 0:03:25]} 8. Qd2 {[%emt 0:01:22]} Be6 {[%emt 0:04:24]} 9. Nf3 {[%emt 0:02:08]} O-O-O {[%emt 0:05:35]} 10. fxe5 {[%emt 0:06:59]} ({But not} 10. Nxe5 $6 b6 $16) 10... Bxe5 {[%emt 0:00:43]} 11. Nxe5 {[%emt 0:00:33]} Qxe5 {[%emt 0:00:07]} 12. Qf2 {[%emt 0:04:15]} b6 {[%emt 0:03:13]} (12... Nf6 $16) 13. a4 {[%emt 0:00:30]} f5 {[%emt 0:07:07]} 14. Bf4 {[%emt 0:04:24]} Qg7 {[%emt 0:04:00]} 15. a5 $18 {[%emt 0:03:56]} Nf6 {[%emt 0:05:31]} 16. O-O {[%emt 0:12:00]} Kb7 {[%emt 0:17:47]} 17. h3 {[%emt 0:16:51]} Rhf8 {[%emt 0:10:09]} 18. Na4 {[%emt 0:16:59]} Nd7 {[%emt 0:05:02]} 19. Bd6 {[%emt 0:04:41]} Rfe8 {[%emt 0:05:33]} 20. e5 {[%emt 0:04:43]} Nxe5 {[%emt 0:05:51]} 21. axb6 {[%emt 0:02:35]} axb6 {[%emt 0:00:40]} 22. Nxc5+ {[%emt 0:00:40]} bxc5 {[%emt 0:03:15]} 23. Qxc5 {[%emt 0:00:04]} Rxd6 {[%emt 0:09:16]} 24. Ra7+ {[%emt 0:00:34]} Kc8 {[%emt 0:00:19]} 25. Ra8+ {[%emt 0:00:22]} 1-0

[Event "POL Youth-ch U20 Girls 2020"]
[Site "Pokrzywna"]
[Date "2020.12.02"]
[Round "5.5"]
[White "Dylag, Emilia"]
[Black "Pawicka, Magdalena"]
[Result "1-0"]
[WhiteElo "2082"]
[BlackElo "1762"]
[Annotator "NA"]
[PlyCount "89"]
[EventDate "2020.11.29"]
[EventType "swiss"]
[EventCountry "POL"]
[SourceTitle "playchess.com"]
[Source "ChessBase"]
[SourceQuality "1"]
[TimeControl "40/5400+30:1800+30"]

1. d4 {[%emt 0:00:00]} d5 {[%emt 0:00:00]} 2. c4 {[%emt 0:00:00]} e6 {[%emt 0:00:00]} 3. Nc3 {[%emt 0:00:00]} Nf6 {[%emt 0:00:00]} 4. cxd5 {[%emt 0:00:08]} exd5 {[%emt 0:00:07]} 5. Bg5 {[%emt 0:00:06]} c6 {[%emt 0:00:34]} 6. e3 {[%emt 0:00:07]} Be7 {[%emt 0:00:19]} 7. Bd3 {[%emt 0:00:16]} O-O {[%emt 0:01:08]} 8. Qc2 {[%emt 0:00:33]} h6 {[%emt 0:01:35]} 9. Bf4 {[%emt 0:00:44]} Bd6 {[%emt 0:06:09]} 10. Bxd6 {[%emt 0:03:02]} Qxd6 {[%emt 0:00:10]} 11. Nf3 {[%emt 0:00:18]} Nbd7 {[%emt 0:04:11]} 12. O-O {[%emt 0:00:55]} Re8 {[%emt 0:05:46]} 13. a3 {[%emt 0:03:05]} b6 {[%emt 0:08:17]} 14. b4 {[%emt 0:05:06]} Bb7 {[%emt 0:01:21]} 15. Rab1 {[%emt 0:06:38]} Rac8 {[%emt 0:02:51]} 16. Rfc1 {[%emt 0:02:46]} Qb8 {[%emt 0:12:00]} 17. a4 {[%emt 0:06:14]} Qa8 {[%emt 0:04:03]} 18. a5 {[%emt 0:04:17]} bxa5 {[%emt 0:03:12]} 19. bxa5 {[%emt 0:00:11]} c5 {[%emt 0:00:57]} 20. a6 {[%emt 0:02:20]} Bc6 {[%emt 0:00:13]} 21. Bf5 {[%emt 0:05:46]} Rc7 {[%emt 0:08:29]} 22. Qa2 {[%emt 0:12:28]} c4 {[%emt 0:03:46]} 23. Qa5 {[%emt 0:03:52]} Qd8 $14 {[%emt 0:09:37]} 24. Rb2 {[%emt 0:03:01]} Rc8 {[%emt 0:01:18]} 25. Qa2 {[%emt 0:09:56]} Rb8 {[%emt 0:03:56]} 26. Rxb8 {[%emt 0:02:45]} Qxb8 {[%emt 0:00:33]} 27. Nd2 {[%emt 0:13:09]} Nb6 {[%emt 0:03:44]} 28. Rb1 {[%emt 0:01:22]} Qd6 {[%emt 0:04:55]} 29. Nf3 {[%emt 0:02:38]} Nfd7 {[%emt 0:01:57]} 30. h3 {[%emt 0:01:22]} g6 {[%emt 0:02:38]} 31. Bc2 {[%emt 0:03:29]} Kg7 {[%emt 0:02:26]} 32. Qa5 {[%emt 0:03:28]} Re7 {[%emt 0:05:29]} 33. Re1 {[%emt 0:02:03]} f5 {[%emt 0:01:30]} 34. h4 {[%emt 0:01:17]} h5 {[%emt 0:01:13]} 35. Ne2 {[%emt 0:00:33]} Ba8 {[%emt 0:01:11]} 36. Nf4 {[%emt 0:00:57]} Nb8 {[%emt 0:00:24]} 37. Qc3 {[%emt 0:01:50]} N6d7 {[%emt 0:00:27]} 38. Ra1 {[%emt 0:00:35]} Kh7 {[%emt 0:00:41]} 39. Qa5 {[%emt 0:01:34]} Re8 {[%emt 0:01:37]} 40. Ba4 {[%emt 0:00:00]} Qb6 {[%emt 0:00:00]} 41. Qxb6 {[%emt 0:01:55]} axb6 {[%emt 0:00:50]} 42. a7 {[%emt 0:00:45]} Nc6 {[%emt 0:00:11]} 43. Nxd5 {[%emt 0:00:40]} Rc8 {[%emt 0:01:05]} 44. Ng5+ {[%emt 0:01:13]} Kg7 {[%emt 0:00:15]} 45. Ne6+ {[%emt 0:00:25]} 1-0

[Event "POL Youth-ch U20 Girls 2020"]
[Site "Pokrzywna"]
[Date "2020.12.02"]
[Round "5.6"]
[White "Parol, Pola"]
[Black "Budkiewicz, Magdalena"]
[Result "1-0"]
[WhiteElo "2069"]
[BlackElo "1672"]
[Annotator "NA"]
[PlyCount "81"]
[EventDate "2020.11.29"]
[EventType "swiss"]
[EventCountry "POL"]
[SourceTitle "playchess.com"]
[Source "ChessBase"]
[SourceQuality "1"]
[TimeControl "40/5400+30:1800+30"]

1. e4 {[%emt 0:00:00]} c5 {[%emt 0:00:00]} 2. Nf3 {[%emt 0:00:00]} d6 {[%emt 0:00:09]} 3. d4 {[%emt 0:00:00]} cxd4 {[%emt 0:00:12]} 4. Nxd4 {[%emt 0:00:00]} Nf6 {[%emt 0:00:19]} 5. Nc3 {[%emt 0:00:06]} a6 {[%emt 0:00:20]} 6. Be2 {[%emt 0:00:24]} e6 {[%emt 0:00:43]} 7. Be3 {[%emt 0:01:19]} Be7 {[%emt 0:01:20]} 8. O-O {[%emt 0:00:21]} O-O {[%emt 0:01:40]} 9. f4 {[%emt 0:00:59]} Nbd7 {[%emt 0:01:28]} 10. Bf3 {[%emt 0:01:37]} Qc7 {[%emt 0:01:43]} 11. Qe1 {[%emt 0:06:05]} (11. g4 $14) 11... Rb8 {[%emt 0:02:21]} 12. g4 {[%emt 0:07:38]} Nb6 {[%emt 0:05:34]} 13. g5 {[%emt 0:05:33]} Nfd7 {[%emt 0:00:52]} 14. Rd1 {[%emt 0:12:50]} Nc4 {[%emt 0:01:41] [#]} 15. Bc1 $1 {[%emt 0:00:33]} b5 {[%emt 0:04:11]} 16. Kh1 {[%emt 0:07:39]} b4 {[%emt 0:12:14]} 17. Nce2 {[%emt 0:01:35]} d5 {[%emt 0:12:46]} 18. exd5 {[%emt 0:07:25]} exd5 {[%emt 0:00:10]} 19. Nf5 {[%emt 0:03:28]} Ndb6 $16 {[%emt 0:05:25]} (19... Re8 $142) 20. Ned4 {[%emt 0:05:21]} Bc5 {[%emt 0:02:42]} 21. b3 {[%emt 0:07:49]} Nd6 {[%emt 0:03:14]} 22. Ne7+ {[%emt 0:11:20]} Kh8 {[%emt 0:00:18]} 23. Nxc8 {[%emt 0:02:22]} Rbxc8 {[%emt 0:00:30]} 24. Bb2 {[%emt 0:00:32]} Rfe8 {[%emt 0:04:53]} 25. Qd2 {[%emt 0:02:52]} Rcd8 {[%emt 0:04:00]} 26. Qd3 {[%emt 0:01:09]} Ne4 {[%emt 0:02:06]} 27. Nf5 {[%emt 0:03:23]} Nf2+ {[%emt 0:09:01]} 28. Rxf2 {[%emt 0:00:05]} Bxf2 {[%emt 0:00:06]} 29. Nxg7 {[%emt 0:01:35]} Kg8 {[%emt 0:00:46]} 30. Nxe8 {[%emt 0:01:57]} Rxe8 {[%emt 0:00:10]} 31. Qf5 {[%emt 0:01:35]} Re6 {[%emt 0:08:13]} 32. Be5 {[%emt 0:01:38]} Qc6 {[%emt 0:01:19]} 33. Qd3 {[%emt 0:00:42]} Re8 {[%emt 0:01:48]} 34. Kg2 {[%emt 0:01:03]} Bh4 {[%emt 0:05:19]} 35. Rd2 {[%emt 0:00:57]} Rd8 {[%emt 0:00:53]} 36. Bb2 {[%emt 0:00:41]} Qc5 {[%emt 0:05:16]} 37. Qd4 {[%emt 0:02:52]} Qxd4 {[%emt 0:00:57]} 38. Bxd4 {[%emt 0:00:02]} Nc8 {[%emt 0:00:26]} 39. Re2 {[%emt 0:00:51]} h6 {[%emt 0:01:41]} 40. Bf6 {[%emt 0:00:00]} Rf8 {[%emt 0:00:00]} 41. Kh3 {[%emt 0:00:26]} 1-0

[Event "POL Youth-ch U20 Girls 2020"]
[Site "Pokrzywna"]
[Date "2020.12.02"]
[Round "5.7"]
[White "Kulpa, Zuzanna"]
[Black "Szczotka, Klara"]
[Result "1-0"]
[WhiteElo "1806"]
[BlackElo "1928"]
[Annotator "NA"]
[PlyCount "93"]
[EventDate "2020.11.29"]
[EventType "swiss"]
[EventCountry "POL"]
[SourceTitle "playchess.com"]
[Source "ChessBase"]
[SourceQuality "1"]
[TimeControl "40/5400+30:1800+30"]

1. d4 {[%emt 0:00:00]} Nf6 {[%emt 0:00:00]} 2. c4 {[%emt 0:00:00]} e6 {[%emt 0:00:00]} 3. Nf3 {[%emt 0:00:00]} d5 {[%emt 0:00:45]} 4. Nc3 {[%emt 0:00:00]} Bb4 {[%emt 0:01:29]} 5. Qb3 {[%emt 0:00:17]} Bxc3+ {[%emt 0:00:39]} 6. bxc3 {[%emt 0:00:34]} O-O {[%emt 0:01:12]} 7. Bg5 {[%emt 0:01:46]} c6 {[%emt 0:10:01]} 8. e3 {[%emt 0:01:31]} Nbd7 {[%emt 0:00:47]} 9. Bd3 {[%emt 0:00:25]} Qb6 {[%emt 0:02:48]} 10. Qc2 {[%emt 0:01:43]} dxc4 {[%emt 0:05:48]} 11. Bxc4 {[%emt 0:00:18]} Qa5 {[%emt 0:00:15]} 12. O-O {[%emt 0:01:47]} h6 {[%emt 0:01:03]} 13. Bh4 {[%emt 0:01:01]} Nd5 {[%emt 0:01:10] [#]} ({Black should play} 13... b6 $14) 14. Rfc1 $1 {[%emt 0:03:30]} b5 {[%emt 0:10:31]} 15. Bf1 {[%emt 0:03:59]} Bb7 {[%emt 0:02:43] [#]} (15... Ba6 $16) 16. a4 $1 {[%emt 0:03:35]} bxa4 {[%emt 0:09:21]} 17. Rxa4 {[%emt 0:01:09]} Qc7 {[%emt 0:00:48]} 18. Bg3 {[%emt 0:03:00]} Qc8 {[%emt 0:00:31]} 19. c4 {[%emt 0:00:54]} N5b6 {[%emt 0:00:18]} 20. Ra5 {[%emt 0:00:25]} Rd8 {[%emt 0:01:07]} 21. c5 {[%emt 0:02:01]} Nd5 {[%emt 0:00:47]} 22. Rca1 {[%emt 0:02:31]} a6 {[%emt 0:00:41]} 23. Nd2 {[%emt 0:00:49]} Nc7 {[%emt 0:02:35]} 24. Ne4 {[%emt 0:06:34]} Nb5 {[%emt 0:02:24]} 25. Rc1 {[%emt 0:06:06]} Nb8 {[%emt 0:01:55]} 26. Qd1 {[%emt 0:07:03]} Rd7 {[%emt 0:04:42]} 27. Nd2 {[%emt 0:03:10]} Rd5 {[%emt 0:11:59]} 28. Nc4 {[%emt 0:03:04]} Nd7 {[%emt 0:00:34]} 29. Nd6 {[%emt 0:01:18]} Nxd6 {[%emt 0:03:46]} 30. Bxd6 $18 {[%emt 0:00:01]} Qd8 {[%emt 0:03:33]} 31. Ra2 {[%emt 0:00:18]} Rg5 {[%emt 0:01:08]} 32. h4 {[%emt 0:03:48]} Rg6 {[%emt 0:00:38]} 33. Bd3 {[%emt 0:00:46]} f5 {[%emt 0:00:10]} 34. Qb3 {[%emt 0:01:37]} Bc8 {[%emt 0:04:03]} 35. Bxf5 {[%emt 0:00:33]} Rf6 {[%emt 0:00:05]} 36. Bxe6+ {[%emt 0:00:15]} Kh8 {[%emt 0:00:04]} 37. Bc4 {[%emt 0:01:18]} Rg6 {[%emt 0:00:30]} 38. Qd3 {[%emt 0:02:50]} Rg4 {[%emt 0:03:47]} 39. Bg3 {[%emt 0:00:57]} Qf6 {[%emt 0:01:43]} 40. Bxa6 {[%emt 0:00:00]} Bxa6 {[%emt 0:00:00]} 41. Rxa6 {[%emt 0:02:57]} Rf8 {[%emt 0:00:54]} 42. Qe2 {[%emt 0:01:38]} Rg6 {[%emt 0:00:58]} 43. Rca1 {[%emt 0:02:22]} Kh7 {[%emt 0:03:29]} 44. Ra8 {[%emt 0:00:34]} Rf7 {[%emt 0:00:07]} 45. h5 {[%emt 0:00:28]} Rg5 {[%emt 0:00:09]} 46. Qc2+ {[%emt 0:00:24]} g6 {[%emt 0:00:09]} 47. Bh4 {[%emt 0:00:17]} 1-0

[Event "POL Youth-ch U20 Girls 2020"]
[Site "Pokrzywna"]
[Date "2020.12.02"]
[Round "5.8"]
[White "Karykowska, Anna"]
[Black "Sowa, Wiktoria"]
[Result "1-0"]
[WhiteElo "1979"]
[BlackElo "2093"]
[Annotator "NA"]
[PlyCount "153"]
[EventDate "2020.11.29"]
[EventType "swiss"]
[EventCountry "POL"]
[SourceTitle "playchess.com"]
[Source "ChessBase"]
[SourceQuality "1"]
[TimeControl "40/5400+30:1800+30"]

1. e4 {[%emt 0:00:00]} c5 {[%emt 0:00:00]} 2. Nf3 {[%emt 0:00:00]} Nc6 {[%emt 0:00:00]} 3. d4 {[%emt 0:00:00]} cxd4 {[%emt 0:00:00]} 4. Nxd4 {[%emt 0:00:00]} Nf6 {[%emt 0:00:00]} 5. Nc3 {[%emt 0:00:02]} e5 {[%emt 0:00:00]} 6. Ndb5 {[%emt 0:00:14]} d6 {[%emt 0:00:04]} 7. Bg5 {[%emt 0:00:10]} a6 {[%emt 0:00:11]} 8. Na3 {[%emt 0:00:06]} b5 {[%emt 0:00:03]} 9. Bxf6 {[%emt 0:00:14]} gxf6 {[%emt 0:00:04]} 10. Nd5 {[%emt 0:00:09]} f5 {[%emt 0:00:51]} 11. g3 {[%emt 0:00:50]} Bg7 {[%emt 0:01:59]} 12. exf5 {[%emt 0:01:07]} Bxf5 {[%emt 0:01:23]} 13. Bg2 {[%emt 0:00:26]} O-O {[%emt 0:01:44]} 14. c3 {[%emt 0:03:38]} Rc8 {[%emt 0:02:19]} 15. O-O {[%emt 0:02:15]} Be6 {[%emt 0:03:23]} 16. Nc2 {[%emt 0:01:10]} f5 {[%emt 0:01:16]} 17. a4 {[%emt 0:08:02]} bxa4 {[%emt 0:03:13]} 18. Rxa4 {[%emt 0:02:00]} a5 {[%emt 0:01:58]} 19. b4 {[%emt 0:05:07]} axb4 {[%emt 0:01:39]} 20. cxb4 {[%emt 0:04:36]} e4 {[%emt 0:01:49]} 21. Nce3 {[%emt 0:05:06]} Nd4 {[%emt 0:04:44]} 22. Ra7 $11 {[%emt 0:02:40]} Rf7 {[%emt 0:04:11]} 23. Rxf7 {[%emt 0:11:49]} Bxf7 {[%emt 0:00:20]} 24. Nf4 {[%emt 0:02:14]} Qb6 {[%emt 0:04:48]} 25. Qa4 {[%emt 0:03:38]} Be5 {[%emt 0:09:37]} 26. Nfd5 {[%emt 0:02:47]} Qb7 {[%emt 0:01:50]} 27. Qa2 {[%emt 0:11:14]} Kh8 {[%emt 0:13:48]} 28. Rd1 {[%emt 0:04:06]} Rc3 {[%emt 0:18:45]} 29. Qa5 {[%emt 0:04:42]} Rc8 {[%emt 0:01:54]} 30. Qa2 {[%emt 0:01:45]} Be6 {[%emt 0:02:03]} 31. Kh1 {[%emt 0:03:51]} Nc6 {[%emt 0:04:11]} 32. Qd2 {[%emt 0:03:05]} Nd4 {[%emt 0:00:58]} 33. Qa2 {[%emt 0:03:01]} Rc6 {[%emt 0:05:51]} 34. Qa5 {[%emt 0:02:14]} Rc8 {[%emt 0:02:07]} 35. Qa2 {[%emt 0:01:38]} Kg7 {[%emt 0:04:56]} 36. Qa5 {[%emt 0:06:13]} Kh6 {[%emt 0:01:41]} 37. Qa2 {[%emt 0:01:10]} Kg7 {[%emt 0:01:37]} 38. Qa5 {[%emt 0:00:39]} Kf7 {[%emt 0:00:33]} 39. Qa2 {[%emt 0:01:33]} Ra8 {[%emt 0:01:43]} 40. Qc4 {[%emt 0:00:00]} Rc8 {[%emt 0:00:00]} 41. Qa2 {[%emt 0:01:20]} Kf8 {[%emt 0:05:26]} 42. Kg1 {[%emt 0:05:55]} Qc6 {[%emt 0:02:34]} 43. Bf1 {[%emt 0:16:36]} Nf3+ {[%emt 0:05:09]} 44. Kh1 {[%emt 0:00:49]} Bd4 {[%emt 0:01:16]} 45. b5 {[%emt 0:07:17]} Qb7 {[%emt 0:01:42]} 46. Qa6 {[%emt 0:00:37]} Qb8 {[%emt 0:02:13]} 47. Rxd4 {[%emt 0:05:44]} Nxd4 {[%emt 0:01:04]} 48. Qa1 {[%emt 0:00:16]} Nf3 {[%emt 0:03:19]} 49. Qf6+ {[%emt 0:01:34]} Bf7 {[%emt 0:00:17]} 50. Qh8+ {[%emt 0:00:08]} Bg8 {[%emt 0:00:06]} 51. Qf6+ {[%emt 0:01:04]} Bf7 {[%emt 0:00:04]} 52. Qe7+ {[%emt 0:00:35]} Kg8 {[%emt 0:00:47]} 53. Nf6+ {[%emt 0:00:32]} Kg7 {[%emt 0:00:33]} 54. Nxf5+ {[%emt 0:00:27]} Kg6 {[%emt 0:00:24]} 55. Nxd6 {[%emt 0:00:25]} Rc7 {[%emt 0:00:55]} 56. Qxe4+ {[%emt 0:00:19]} Kxf6 {[%emt 0:00:10]} 57. Qxf3+ {[%emt 0:00:48]} Kg7 {[%emt 0:00:41]} 58. Nf5+ {[%emt 0:00:31]} Kf8 {[%emt 0:00:53]} 59. Qa3+ {[%emt 0:00:27]} Kg8 {[%emt 0:01:12]} 60. Qb2 {[%emt 0:00:33]} Bd5+ {[%emt 0:00:51]} 61. Kg1 {[%emt 0:00:04]} Qf8 {[%emt 0:04:17]} 62. Qe5 {[%emt 0:00:36]} Rd7 {[%emt 0:01:01]} 63. Qf4 {[%emt 0:00:50]} Kh8 {[%emt 0:01:10]} 64. Qd4+ {[%emt 0:00:24]} Kg8 {[%emt 0:00:07]} 65. Qg4+ {[%emt 0:00:29]} Kh8 {[%emt 0:00:05]} 66. Ne3 {[%emt 0:00:34]} Rg7 {[%emt 0:00:49]} 67. Qd4 {[%emt 0:00:26]} Bb7 {[%emt 0:00:26]} 68. Qe5 {[%emt 0:00:27]} Bc8 {[%emt 0:01:28]} 69. b6 {[%emt 0:00:20]} Qe7 {[%emt 0:02:30]} 70. Qc3 {[%emt 0:00:41]} Be6 {[%emt 0:00:26]} 71. Bg2 {[%emt 0:00:27]} Kg8 {[%emt 0:00:39]} 72. b7 {[%emt 0:00:15]} Qd8 {[%emt 0:00:16]} 73. Qe5 {[%emt 0:00:30]} Rc7 {[%emt 0:00:55]} 74. Qxe6+ {[%emt 0:00:40]} Kf8 {[%emt 0:00:01]} 75. Qb3 {[%emt 0:00:41]} Rc1+ {[%emt 0:00:06]} 76. Nf1 {[%emt 0:00:17]} Qb8 {[%emt 0:00:00]} 77. Qa3+ {[%emt 0:00:12]} 1-0

[Event "POL Youth-ch U20 Girls 2020"]
[Site "Pokrzywna"]
[Date "2020.12.02"]
[Round "5.9"]
[White "Smietanska, Wiktoria"]
[Black "Furtak, Joanna"]
[Result "1/2-1/2"]
[WhiteElo "2013"]
[BlackElo "1837"]
[Annotator "NA"]
[PlyCount "110"]
[EventDate "2020.11.29"]
[EventType "swiss"]
[EventCountry "POL"]
[SourceTitle "playchess.com"]
[Source "ChessBase"]
[SourceQuality "1"]
[TimeControl "40/5400+30:1800+30"]

1. c4 {[%emt 0:00:00]} Nf6 {[%emt 0:00:00]} 2. Nc3 {[%emt 0:00:00]} g6 {[%emt 0:00:00]} 3. g3 {[%emt 0:00:00]} Bg7 {[%emt 0:00:00]} 4. Bg2 {[%emt 0:00:00]} O-O {[%emt 0:00:00]} 5. e4 {[%emt 0:00:00]} d6 {[%emt 0:00:00]} 6. Nge2 {[%emt 0:00:22]} c5 {[%emt 0:00:10]} 7. d3 {[%emt 0:00:09]} Nc6 {[%emt 0:00:33]} 8. O-O {[%emt 0:00:07]} Bd7 {[%emt 0:00:27]} 9. h3 {[%emt 0:00:29]} Ne8 {[%emt 0:02:14]} 10. Be3 {[%emt 0:00:11]} Nc7 {[%emt 0:00:54]} 11. d4 {[%emt 0:03:21]} cxd4 {[%emt 0:01:14]} 12. Nxd4 {[%emt 0:00:12]} Ne6 {[%emt 0:01:23]} 13. Nde2 {[%emt 0:07:02]} Nc5 {[%emt 0:05:12]} 14. b3 {[%emt 0:01:53]} Qc8 {[%emt 0:17:45]} 15. Kh2 {[%emt 0:00:40]} Kh8 {[%emt 0:00:47]} 16. Qd2 {[%emt 0:05:58]} f5 {[%emt 0:04:07]} 17. exf5 {[%emt 0:02:31]} Bxf5 {[%emt 0:03:57]} 18. Bh6 {[%emt 0:02:40]} Bxh6 {[%emt 0:11:07]} 19. Qxh6 {[%emt 0:00:08]} Bd3 {[%emt 0:00:09]} 20. Qe3 {[%emt 0:11:28]} Qe6 {[%emt 0:04:12]} 21. Qxe6 {[%emt 0:02:15]} Nxe6 {[%emt 0:00:05]} 22. Be4 {[%emt 0:09:08]} Bxe4 {[%emt 0:00:52]} 23. Nxe4 {[%emt 0:00:06]} Ned4 {[%emt 0:02:40]} 24. Nxd4 {[%emt 0:02:08]} Nxd4 {[%emt 0:00:05]} 25. f4 {[%emt 0:01:25]} Rac8 {[%emt 0:16:10]} 26. Rad1 {[%emt 0:00:38]} Nc6 {[%emt 0:02:44]} 27. Rfe1 {[%emt 0:04:07]} h6 {[%emt 0:02:29]} 28. Nc3 $11 {[%emt 0:04:47]} Kg7 {[%emt 0:01:56]} 29. Re6 {[%emt 0:01:59]} Rf6 {[%emt 0:01:18]} 30. Re3 {[%emt 0:01:09]} g5 {[%emt 0:05:36]} 31. Nd5 {[%emt 0:02:02]} gxf4 {[%emt 0:02:18]} 32. Nxf4 {[%emt 0:00:33]} Rf5 {[%emt 0:00:37]} 33. Re6 {[%emt 0:01:42]} Re5 {[%emt 0:01:06]} 34. Re1 {[%emt 0:03:19]} Rxe1 {[%emt 0:01:10]} 35. Rxe1 {[%emt 0:00:15]} e5 {[%emt 0:02:03]} 36. Nd5 {[%emt 0:02:49]} Nd4 {[%emt 0:00:36]} 37. Kg2 {[%emt 0:01:38]} b5 {[%emt 0:01:13]} 38. Ne3 {[%emt 0:03:20]} bxc4 {[%emt 0:01:47]} 39. Nxc4 {[%emt 0:00:51]} Rc6 {[%emt 0:01:15]} 40. Rf1 {[%emt 0:00:00]} Ra6 {[%emt 0:00:00]} 41. Rf2 {[%emt 0:09:39]} Kg6 {[%emt 0:11:32]} 42. g4 {[%emt 0:05:10]} Rc6 {[%emt 0:03:06]} 43. Kg3 {[%emt 0:01:45]} h5 {[%emt 0:04:00]} 44. gxh5+ {[%emt 0:01:40]} Kxh5 {[%emt 0:00:11]} 45. Rf6 {[%emt 0:01:21]} Kg5 {[%emt 0:02:39]} 46. Rf2 {[%emt 0:03:26]} e4 {[%emt 0:08:49]} 47. h4+ {[%emt 0:03:22]} Kh5 {[%emt 0:00:05]} 48. Kf4 {[%emt 0:01:29]} d5 {[%emt 0:01:15]} 49. Ke5 {[%emt 0:01:12]} dxc4 {[%emt 0:05:04]} 50. Kxd4 {[%emt 0:00:10]} e3 {[%emt 0:02:51]} 51. Kxe3 {[%emt 0:00:35]} cxb3 {[%emt 0:00:04]} 52. axb3 {[%emt 0:00:10]} Rc3+ {[%emt 0:00:05]} 53. Kd4 {[%emt 0:00:14]} Rxb3 {[%emt 0:00:04]} 54. Ra2 {[%emt 0:00:08]} Kxh4 {[%emt 0:00:08]} 55. Rxa7 {[%emt 0:00:06]} Rb8 {[%emt 0:00:04]} 1/2-1/2

[Event "POL Youth-ch U20 Girls 2020"]
[Site "Pokrzywna"]
[Date "2020.12.02"]
[Round "5.10"]
[White "Zabrzanska, Weronika"]
[Black "Cieslak, Wiktoria"]
[Result "1/2-1/2"]
[WhiteElo "1849"]
[BlackElo "2008"]
[Annotator "ChessBase"]
[PlyCount "69"]
[EventDate "2020.11.29"]
[EventType "swiss"]
[EventCountry "POL"]
[SourceTitle "playchess.com"]
[Source "ChessBase"]
[SourceQuality "1"]
[TimeControl "40/5400+30:1800+30"]

1. e4 {[%emt 0:00:00]} c5 {[%emt 0:00:00]} 2. Nc3 {[%emt 0:00:00]} e6 {[%emt 0:00:00]} 3. Nf3 {[%emt 0:00:00]} Nc6 {[%emt 0:00:06]} 4. d4 {[%emt 0:00:38]} cxd4 {[%emt 0:00:09]} 5. Nxd4 {[%emt 0:00:05]} Qc7 {[%emt 0:00:41]} 6. g3 {[%emt 0:03:26]} a6 {[%emt 0:00:17]} 7. Bg2 {[%emt 0:00:12]} Nf6 {[%emt 0:00:28]} 8. O-O {[%emt 0:00:43]} Bb4 {[%emt 0:00:24]} 9. Nde2 {[%emt 0:01:32]} O-O {[%emt 0:00:35]} 10. Bf4 {[%emt 0:03:50]} Ne5 {[%emt 0:08:24]} 11. Qd4 {[%emt 0:12:15]} Bd6 {[%emt 0:00:36]} 12. Rfd1 {[%emt 0:07:14]} Ne8 {[%emt 0:00:52]} 13. Nc1 {[%emt 0:06:00]} f6 {[%emt 0:01:40]} 14. Nd3 {[%emt 0:03:17]} Nxd3 {[%emt 0:01:35]} 15. Bxd6 {[%emt 0:00:20]} Nxd6 {[%emt 0:00:07]} 16. cxd3 {[%emt 0:03:51]} Nf7 {[%emt 0:01:18]} 17. Rac1 {[%emt 0:05:45]} Qd8 {[%emt 0:00:31]} 18. f4 {[%emt 0:06:42]} d6 {[%emt 0:02:27]} 19. b4 {[%emt 0:02:35]} Bd7 {[%emt 0:04:50]} 20. a4 {[%emt 0:07:34]} b5 {[%emt 0:01:57]} 21. a5 {[%emt 0:01:18]} Rc8 {[%emt 0:04:10]} 22. Rc2 {[%emt 0:02:48]} Bc6 {[%emt 0:02:01]} 23. Rdc1 {[%emt 0:00:22]} Qd7 {[%emt 0:01:03]} 24. Qb6 {[%emt 0:01:04]} Bb7 {[%emt 0:00:30]} 25. Nd5 {[%emt 0:09:38]} exd5 {[%emt 0:07:31]} 26. Rc7 {[%emt 0:00:30]} Rxc7 {[%emt 0:00:24]} 27. Rxc7 {[%emt 0:00:08]} Qg4 {[%emt 0:00:06]} 28. Rxb7 {[%emt 0:00:39]} Qd1+ {[%emt 0:00:23]} 29. Bf1 {[%emt 0:00:21]} dxe4 {[%emt 0:00:31]} 30. dxe4 {[%emt 0:00:20]} Qe1 {[%emt 0:00:18]} 31. Rb8 {[%emt 0:05:49]} Qxb4 {[%emt 0:05:23]} 32. Rxf8+ {[%emt 0:00:45]} Kxf8 {[%emt 0:00:05]} 33. Qb8+ {[%emt 0:01:32]} Ke7 {[%emt 0:00:04]} 34. Qc7+ {[%emt 0:00:17]} Ke8 {[%emt 0:00:22]} 35. Qc6+ {[%emt 0:00:53]} 1/2-1/2